000
00261nam a2200109Ia 4500
008
200302s9999 xx 000 0 und d
100
_a
David Watkin
245
_a
A History of Western Architecture
260
_b
Barrie & Jenkins
260
_c
1986
300
_a
591 P.,
999
_c
870
_d
870